ARRUPE JESUIT UNIVERSITY

CORONAVIRUS -STOP THE SPREAD - CLEAN,DISINFECT,COVER

From Africa to Brazil; (Record no. 131651)

MARC details
000 -LEADER
fixed length control field 00620nam a22001697a 4500
008 - FIXED-LENGTH DATA ELEMENTS--GENERAL INFORMATION
fixed length control field 230306b |||||||| |||| 00| 0 eng d
020 ## - INTERNATIONAL STANDARD BOOK NUMBER
International Standard Book Number 9780521152389.
050 ## - LIBRARY OF CONGRESS CALL NUMBER
Classification number HT1129.A426 H39 2010
100 ## - MAIN ENTRY--PERSONAL NAME
Personal name Hawthorne,Walter
9 (RLIN) 22462
245 ## - TITLE STATEMENT
Title From Africa to Brazil;
Remainder of title culture,identity,and an Antlantic slave trade,16-1830.
Statement of responsibility, etc Walter Hawthorne
260 ## - PUBLICATION, DISTRIBUTION, ETC. (IMPRINT)
Place of publication, distribution, etc New York:
Name of publisher, distributor, etc Cambridge Universiy Press;
Date of publication, distribution, etc 2010.
300 ## - PHYSICAL DESCRIPTION
Extent xxi;
Other physical details 259p;
Dimensions 23cm.
650 ## - SUBJECT ADDED ENTRY--TOPICAL TERM
Topical term or geographic name as entry element Slave
Form subdivision history
Geographic subdivision amazon river region
9 (RLIN) 52210
650 ## - SUBJECT ADDED ENTRY--TOPICAL TERM
Topical term or geographic name as entry element slave trade,
Form subdivision history
Geographic subdivision Africa
9 (RLIN) 52211
650 ## - SUBJECT ADDED ENTRY--TOPICAL TERM
Topical term or geographic name as entry element Afican diaspora,
Form subdivision History
9 (RLIN) 52212
942 ## - ADDED ENTRY ELEMENTS (KOHA)
Source of classification or shelving scheme Library of Congress Classification
Item type Monograph ( Printed materials)
Holdings
Withdrawn status Lost status Source of classification or shelving scheme Damaged status Not for loan Home library Current library Shelving location Date acquired Total Checkouts Full call number Barcode Date last seen Price effective from Koha item type
    Library of Congress Classification     ARRUPE LIBRARY ARRUPE LIBRARY Main Collection 06/03/2023   HT1129.A426 H39 2010 46700000231 06/03/2023 06/03/2023 Monograph ( Printed materials)

 

Arrupe Library. PO Box MP320 Mt Pleasant, Harare, Zimbabwe
263 242 745411|librarian@aju.ac.zw